[Event "Brno Veletrh"]
[Site "?"]
[Date "2024.09.06"]
[Round "7"]
[White "Slegl, Milan"]
[Black "Pesa, Marek"]
[Result "1-0"]
[WhiteElo "1699"]
[BlackElo "1738"]
[PlyCount "109"]
[EventDate "2024.09.??"]

1. d4 d5 2. Nf3 Nf6 3. c4 e6 4. Nc3 b6 5. Bg5 h6 6. Bh4 Bb7 7. cxd5 exd5 8. e3
Be7 9. Bd3 O-O 10. O-O Ne4 11. Bxe7 Qxe7 12. Rc1 Nd7 13. Qe2 c5 14. b3 Rfc8 15.
Na4 a6 16. Nb2 b5 17. dxc5 Ndxc5 18. Nd4 Rc7 19. Bb1 Rac8 20. h3 b4 21. Nd1 a5
22. Bxe4 Ba6 23. Qg4 Bxf1 24. Bxd5 Bd3 25. Nb2 Bg6 26. Bc4 Ne4 27. Na4 Qf6 28.
Qe2 Nc5 29. Nxc5 Rxc5 30. Qg4 Kh7 31. Qd7 R8c7 32. Qg4 a4 33. Qe2 axb3 34. axb3
Ra5 35. Qe1 Qd6 36. Rd1 Qe7 37. Ne2 Rd7 38. Nd4 Qc5 39. Rc1 Qb6 40. Kh2 Be4 41.
f3 Bd5 42. Bd3+ g6 43. Qd2 Ra3 44. Qb2 Rda7 45. Qc2 Ra2 46. Qd1 Qd6+ 47. Kg1
Qg3 48. Ne2 Qg5 49. e4 Qe3+ 50. Kh2 Rd2 51. Qf1 Bxb3 52. Qg1 Qxd3 53. Nf4 Qxf3
54. Rf1 Qe2 55. Nxe2 1-0

[Event "Brno Veletrh"]
[Site "?"]
[Date "2024.09.06"]
[Round "7"]
[White "Nisztuk, Michal"]
[Black "Bata, Jiri"]
[Result "1-0"]
[WhiteElo "1637"]
[BlackElo "1658"]
[PlyCount "67"]
[EventDate "2024.09.??"]

1. e4 e5 2. Bc4 Nc6 3. Ne2 Nf6 4. Nbc3 Bc5 5. O-O O-O 6. d3 h6 7. a3 a6 8. Be3
Nd4 9. Bxd4 exd4 10. Nd5 Nxd5 11. Bxd5 c6 12. Ba2 d6 13. Ng3 Be6 14. f4 Bxa2
15. Rxa2 d5 16. Qh5 Qd6 17. b4 Bb6 18. Nf5 Qe6 19. Qg4 g6 20. Nxh6+ Kg7 21. f5
Qf6 22. e5 Qxe5 23. Nxf7 Rxf7 24. Qxg6+ Kf8 25. Raa1 Bc7 26. Qh6+ Kg8 27. Rae1
Qd6 28. Re6 Qf8 29. Qh4 Re8 30. Rg6+ Rg7 31. Rh6 Qe7 32. Rh8+ Kf7 33. Qh5+ Kf6
34. Rh6+ 1-0

[Event "Brno Veletrh"]
[Site "?"]
[Date "2024.09.06"]
[Round "7"]
[White "Levchenko, Alisa"]
[Black "Daniel, Antonin"]
[Result "1/2-1/2"]
[WhiteElo "1638"]
[BlackElo "1648"]
[PlyCount "130"]
[EventDate "2024.09.??"]

1. d4 d5 2. c4 c6 3. Nf3 Nf6 4. g3 h6 5. Bg2 e6 6. Nbd2 Bb4 7. O-O O-O 8. Qc2
Na6 9. a3 Be7 10. e4 dxe4 11. Nxe4 Nxe4 12. Qxe4 Nc7 13. Be3 Ne8 14. Rad1 Nd6
15. Qc2 a5 16. d5 exd5 17. cxd5 Bf5 18. Qe2 cxd5 19. Nd2 Be6 20. Nb3 Nf5 21.
Nd4 Nxe3 22. Nxe6 fxe6 23. Qxe3 Rf6 24. Bh3 Qd6 25. Rfe1 e5 26. Qxe5 Qxe5 27.
Rxe5 Bc5 28. Rf1 Bd4 29. Re2 Rd8 30. Rd2 Bc5 31. Bg2 Rfd6 32. Rfd1 d4 33. Bxb7
Rb8 34. Be4 Rdb6 35. Bd5+ Kh8 36. b3 Rd8 37. Bc4 Rbd6 38. a4 Bb4 39. Rd3 g5 40.
h3 Kg7 41. Rf3 Rf6 42. Rdd3 Bc5 43. Rxf6 Kxf6 44. Rf3+ Kg6 45. g4 Rf8 46. Kg2
Rxf3 47. Kxf3 Kf6 48. Ke4 d3 49. Bxd3 Bxf2 50. Kd5 Be1 51. Bf5 Bb4 52. Ke4 Kg7
53. Kf3 Bd6 54. Kg2 Kf6 55. Bd3 Kg7 56. h4 gxh4 57. Kh3 Bg3 58. b4 axb4 59. a5
Bf2 60. a6 b3 61. Kg2 Ba7 62. Kh3 Bf2 63. Kg2 Ba7 64. Kh3 Bf2 65. Kg2 Ba7
1/2-1/2

[Event "Brno Veletrh"]
[Site "?"]
[Date "2024.09.06"]
[Round "7"]
[White "Horak, Hanus"]
[Black "Klimus, Radek"]
[Result "1-0"]
[WhiteElo "1624"]
[BlackElo "1472"]
[PlyCount "62"]
[EventDate "2024.09.??"]

1. d4 g6 2. c4 Nf6 3. Nc3 e6 4. Nf3 d5 5. Bg5 Bg7 6. Qc1 O-O 7. Bh6 b6 8. Bxg7
Kxg7 9. e3 Nbd7 10. cxd5 exd5 11. Be2 Bb7 12. O-O Re8 13. Nb5 Re7 14. Qxc7 Qc8
15. Rfc1 Ne8 16. Qxc8 Bxc8 17. Nxa7 Bb7 18. Nb5 h5 19. Nc7 Nxc7 20. Rxc7 Bc8
21. Rac1 Re8 22. Bb5 Rd8 23. a3 Ra5 24. Rxc8 Rxc8 25. Rxc8 Rxb5 26. b4 Kf6 27.
Nd2 Nc5 28. dxc5 bxc5 29. Rxc5 Rb8 30. Rxd5 Ra8 31. Rd3 Rc8 1-0

[Event "Brno Veletrh"]
[Site "?"]
[Date "2024.09.06"]
[Round "7"]
[White "Kanovsky, Vladimir"]
[Black "Poruban, Tomas"]
[Result "1/2-1/2"]
[WhiteElo "1578"]
[BlackElo "1558"]
[PlyCount "43"]
[EventDate "2024.09.??"]

1. e4 e5 2. Nf3 Nc6 3. Bc4 h6 4. d4 exd4 5. Nxd4 Nxd4 6. Qxd4 Qf6 7. Qxf6 Nxf6
8. Bd3 Bc5 9. Bf4 d6 10. Nd2 O-O 11. O-O Re8 12. h3 Bd7 13. Rfe1 Bc6 14. Kf1
Bd4 15. c3 Be5 16. Bxe5 Rxe5 17. f3 d5 18. f4 Ree8 19. e5 Nh5 20. f5 Nf4 21.
Bc2 Bb5+ 22. Kf2 1/2-1/2

[Event "Brno Veletrh"]
[Site "?"]
[Date "2024.09.06"]
[Round "7"]
[White "Berdnikov, Tsyren"]
[Black "Carbonai, Gabriele"]
[Result "1-0"]
[WhiteElo "1422"]
[BlackElo "1543"]
[PlyCount "47"]
[EventDate "2024.09.??"]

1. e4 e5 2. Nf3 Nc6 3. d4 exd4 4. Bc4 Bc5 5. O-O Nf6 6. e5 d5 7. exf6 dxc4 8.
fxg7 Rg8 9. Bg5 Be7 10. Re1 Be6 11. Bxe7 Qxe7 12. Nxd4 O-O-O 13. Nxc6 Rxd1 14.
Nxe7+ Kd7 15. Rxd1+ Kxe7 16. Nc3 c6 17. Re1 Rxg7 18. Ne4 b6 19. a4 h6 20. Re3
f5 21. Ng3 Kf6 22. Rae1 Bd5 23. Re8 h5 24. Nxh5+ 1-0

[Event "Brno Veletrh"]
[Site "?"]
[Date "2024.09.06"]
[Round "7"]
[White "Hradek, Martin"]
[Black "Pecenka, Petr"]
[Result "0-1"]
[WhiteElo "1429"]
[BlackElo "1495"]
[PlyCount "40"]
[EventDate "2024.09.??"]

1. h4 e5 2. Rh3 d5 3. Re3 Nc6 4. Nf3 Bd6 5. d4 e4 6. Ng5 Nf6 7. Nc3 h6 8. Nh3
O-O 9. f3 Bxh3 10. gxh3 Bg3+ 11. Kd2 Nxd4 12. fxe4 Bf4 13. e5 Ne4+ 14. Kd3 Nxc3
15. bxc3 Bxe3 16. Bxe3 Ne6 17. Bg2 Qxh4 18. Bxd5 Rad8 19. c4 c6 20. Bxa7 cxd5
0-1

[Event "Brno Veletrh"]
[Site "?"]
[Date "2024.09.06"]
[Round "7"]
[White "Peskova, Sara"]
[Black "Peska, Radek"]
[Result "1-0"]
[WhiteElo "1591"]
[BlackElo "1415"]
[PlyCount "67"]
[EventDate "2024.09.??"]

1. e4 d5 2. exd5 Nf6 3. d4 Bg4 4. f3 Bf5 5. c4 c6 6. dxc6 Nxc6 7. Be3 Nb4 8.
Qa4+ Nc6 9. d5 Qa5+ 10. Qxa5 Nxa5 11. b4 Nxc4 12. Bxc4 O-O-O 13. Ne2 Kb8 14.
O-O Nxd5 15. Bxd5 Rxd5 16. Nbc3 Rd8 17. Bf4+ e5 18. Bxe5+ Bd6 19. Bxd6+ Rxd6
20. Rfd1 Rc6 21. Nd4 Rxc3 22. Nxf5 g6 23. Nd6 f5 24. Nf7 Rf8 25. Rd8+ Rxd8 26.
Nxd8 Kc7 27. Rd1 Ra3 28. Ne6+ Kc6 29. Rd2 Kb5 30. Nf8 Kxb4 31. Nxh7 Kc3 32. Re2
Kd3 33. Kf2 b5 34. Re3+ 1-0

[Event "Brno Veletrh"]
[Site "?"]
[Date "2024.09.07"]
[Round "8"]
[White "Setina, Vaclav"]
[Black "Svobodova, Michaela"]
[Result "1-0"]
[WhiteElo "2021"]
[BlackElo "1928"]
[PlyCount "127"]
[GameId "2087264588075055"]
[EventDate "2024.09.??"]

1. d4 d5 2. c4 c6 3. Nf3 Nf6 4. Nc3 a6 5. c5 g6 6. h3 Bg7 7. Bf4 O-O 8. e3 Nbd7 9. Bd3 Ne8 10. O-O Nc7 11. Bh2 Re8 12. Qc2 e5 13. Nxe5 Nxe5 14. dxe5 Bxe5 15. Rad1 Qe7 16. Bxe5 Qxe5 17. e4 Be6 18. f4 Qd4+ 19. Qf2 Qxf2+ 20. Rxf2 dxe4 21. Nxe4 Nd5 22. Nd6 Re7 23. Re1 Rd7 24. Be4 Nf6 25. f5 Bxa2 26. fxg6 Nxe4 27. Nxe4 Rd4 28. gxf7+ Bxf7 29. Nd6 Bd5 30. Re7 Rd1+ 31. Kh2 Rc1 32. Ne8 Rxe8 33. Rxe8+ Kg7 34. Re7+ Kg6 35. Rxb7 Rxc5 36. Rb4 h5 37. Rbf4 a5 38. Rf6+ Kg7 39. R6f5 Kg6 40. h4 Rb5 41. Rg5+ Kh6 42. Rf6+ Kh7 43. Rxh5+ Kg7 44. Rf2 Rb4 45. g3 a4 46. Rg5+ Kh7 47. Rgf5 Rb3 48. Re5 a3 49. bxa3 Rxa3 50. Rd2 Ra5 51. g4 Kg6 52. h5+ Kh6 53. Kg3 Ra3+ 54. Kh4 Ra4 55. Rdxd5 cxd5 56. Rxd5 Rb4 57. Rd6+ Kg7 58. h6+ Kh7 59. Kh5 Rb1 60. Rd7+ Kh8 61. g5 Rb6 62. Rd8+ Kh7 63. g6+ Rxg6 64. Rd7+ 1-0

[Event "Brno Veletrh"]
[Site "?"]
[Date "2024.09.07"]
[Round "8"]
[White "Kuchar, Matej"]
[Black "Vyskocil, Neklan"]
[Result "0-1"]
[WhiteElo "2048"]
[BlackElo "2289"]
[PlyCount "82"]
[GameId "2086896104845352"]
[EventDate "2024.09.??"]

1. e4 c5 2. Nf3 d6 3. d4 cxd4 4. Nxd4 Nf6 5. Nc3 a6 6. Be3 e5 7. Nb3 Be6 8. f4 Ng4 9. Bd2 exf4 10. Bxf4 Nc6 11. Qe2 Nge5 12. h3 Be7 13. O-O-O O-O 14. Kb1 Rc8 15. Nd5 Re8 16. Nxe7+ Qxe7 17. g4 Qc7 18. Rh2 Bc4 19. Qf2 b5 20. Qg3 Bxf1 21. Rxf1 a5 22. Rd1 a4 23. Nc1 b4 24. h4 a3 25. b3 Na7 26. Rd5 Qc6 27. Bxe5 Rxe5 28. Rxe5 dxe5 29. Qxe5 Nb5 30. Nd3 Nc3+ 31. Ka1 Re8 32. Nxb4 Qc8 33. Qf5 Qd8 34. Rh1 g6 35. Qf3 Nxe4 36. Rd1 Nd2 37. Qd3 Qf6+ 38. c3 Rd8 39. g5 Rxd3 40. gxf6 Nxb3+ 41. axb3 Rxd1+ 0-1

[Event "Brno Veletrh"]
[Site "?"]
[Date "2024.09.07"]
[Round "8"]
[White "Wunsch, Radek"]
[Black "Marsa, Alexandr"]
[Result "1/2-1/2"]
[WhiteElo "1956"]
[BlackElo "1971"]
[PlyCount "44"]
[GameId "2086896355586095"]
[EventDate "2024.09.??"]

1. e4 e6 2. f4 d5 3. e5 c5 4. Nf3 Nc6 5. c3 Nh6 6. Na3 Qb6 7. Nc2 Bd7 8. d4 cxd4 9. cxd4 Rc8 10. Bd3 Nb4 11. Nxb4 Bxb4+ 12. Bd2 Bb5 13. Bxb4 Bxd3 14. Qxd3 Qxb4+ 15. Qd2 Rc4 16. b3 Rc3 17. O-O O-O 18. Rac1 Rfc8 19. Rxc3 Qxc3 20. Rd1 Nf5 21. Qxc3 Rxc3 22. Rd2 Kf8 1/2-1/2

[Event "Brno Veletrh"]
[Site "?"]
[Date "2024.09.07"]
[Round "8"]
[White "Luc, Martin"]
[Black "Novotny, David"]
[Result "0-1"]
[WhiteElo "1822"]
[BlackElo "1967"]
[PlyCount "52"]
[GameId "2086896589631544"]
[EventDate "2024.09.??"]

1. e4 c5 2. Nf3 Nc6 3. d4 cxd4 4. Nxd4 Nf6 5. Nc3 e6 6. Bg5 Qa5 7. Bxf6 gxf6 8. Ndb5 Bc5 9. Nd6+ Ke7 10. Nc4 Qc7 11. Be2 a6 12. a4 b6 13. O-O Bb7 14. Kh1 Ne5 15. f4 Nxc4 16. Bxc4 Bd6 17. e5 {(R)} fxe5 18. fxe5 Bxe5 19. Qh5 f6 20. Bd3 Rag8 21. Ne4 Rg7 22. Rf2 Rhg8 23. Raf1 Kd8 24. Nxf6 Bxf6 25. Bxh7 Rxg2 26. Rxf6 Rg1# 0-1

[Event "Brno Veletrh"]
[Site "?"]
[Date "2024.09.07"]
[Round "8"]
[White "Krystl, Jaromir"]
[Black "Hajek, Oskar"]
[Result "0-1"]
[WhiteElo "1799"]
[BlackElo "2281"]
[PlyCount "82"]
[GameId "2086896765767743"]
[EventDate "2024.09.??"]

1. e4 Nf6 2. e5 Nd5 3. d4 d6 4. exd6 cxd6 5. h3 g6 6. Nf3 Bg7 7. c4 Nf6 8. Bg5 O-O 9. Nc3 d5 10. Bxf6 Bxf6 11. Nxd5 Bg7 12. Be2 Nc6 13. O-O e6 14. Nf4 Nxd4 15. Nxd4 Qxd4 16. Qxd4 Bxd4 17. Nd3 e5 18. Rab1 Bf5 19. g4 Be4 20. Kh2 f5 21. f3 Bc6 22. Nb4 Bd7 23. Nc2 Bb6 24. Rbd1 Be6 25. Rd6 Rae8 26. b3 e4 27. Rdd1 fxg4 28. fxg4 Rxf1 29. Rxf1 Rd8 30. Rd1 Rxd1 31. Bxd1 a5 32. Kg3 g5 33. Ne1 Bd7 34. Ng2 Kf7 35. Ne1 Kf6 36. Nc2 Ke5 37. Be2 Bc6 38. b4 Ba4 39. bxa5 Bxa5 40. Ne3 Kd4 41. Nd5 b5 0-1

[Event "Brno Veletrh"]
[Site "?"]
[Date "2024.09.07"]
[Round "8"]
[White "Kladnak, Martin"]
[Black "Pavlik, Vladimir"]
[Result "1-0"]
[WhiteElo "2054"]
[BlackElo "1975"]
[PlyCount "95"]
[GameId "2086896962519110"]
[EventDate "2024.09.??"]

1. e4 c5 2. Nc3 Nc6 3. Bb5 e6 4. Bxc6 bxc6 5. f4 d5 6. d3 Nf6 7. e5 Nd7 8. Nf3 g6 9. O-O Bg7 10. Qe1 Nb6 11. b3 O-O 12. Ba3 Nd7 13. Na4 Re8 14. Nxc5 Qb6 15. d4 Nxc5 16. Bxc5 Qc7 17. Nd2 a5 18. Rf3 Bf8 19. Bxf8 Rxf8 20. Qh4 h5 21. g4 hxg4 22. Qxg4 Qe7 23. Rh3 Kg7 24. Qg5 Qxg5+ 25. fxg5 a4 26. Rc3 Bd7 27. a3 Rfb8 28. Kf2 Ra5 29. Ke3 Rh8 30. Nf3 Rha8 31. b4 R5a7 32. Rh1 Rh8 33. h4 Kf8 34. Ne1 Ke7 35. Kf4 Kd8 36. Rch3 Rh5 37. Nd3 Kc7 38. Kg4 Kb6 39. Nf4 Rh8 40. h5 gxh5+ 41. Rxh5 Rxh5 42. Rxh5 Be8 43. Rh8 Re7 44. Nh5 Kb5 45. Nf6 Kc4 46. Rxe8 Rc7 47. Rd8 Kxd4 48. Rd7 1-0

[Event "Brno Veletrh"]
[Site "?"]
[Date "2024.09.07"]
[Round "8"]
[White "Vacekova, Anita"]
[Black "Pribyl, Rene"]
[Result "1-0"]
[WhiteElo "1747"]
[BlackElo "1944"]
[PlyCount "41"]
[GameId "2086897159811149"]
[EventDate "2024.09.??"]

1. e4 e5 2. Nf3 Nf6 3. Nxe5 d6 4. Nc4 Nxe4 5. Qe2 Qe7 6. Ne3 c6 7. Nc3 g6 8. Ncd5 cxd5 9. Nxd5 Qe5 10. Nc7+ Kd7 11. Nxa8 Nc6 12. c3 b6 13. d4 Qe6 14. Be3 Nf6 15. Qb5 Bh6 16. d5 Nxd5 17. Bc4 Bxe3 18. Bxd5 Bxf2+ 19. Kxf2 Qf5+ 20. Kg1 Bb7 21. Rf1 1-0

[Event "Brno Veletrh"]
[Site "?"]
[Date "2024.09.07"]
[Round "8"]
[White "Kotisa, Jan"]
[Black "Neduchal, Jiri"]
[Result "1/2-1/2"]
[WhiteElo "1688"]
[BlackElo "1866"]
[PlyCount "49"]
[GameId "2086897326927956"]
[EventDate "2024.09.??"]

1. e4 c6 2. d4 d5 3. Nc3 dxe4 4. Nxe4 Bf5 5. Ng3 Bg6 6. h4 h6 7. h5 Bh7 8. Nf3 Nd7 9. Bd3 Bxd3 10. Qxd3 e6 11. Bf4 Qa5+ 12. Bd2 Qc7 13. O-O-O Ngf6 14. Rde1 Bd6 15. Ne4 Nxe4 16. Qxe4 Nf6 17. Qd3 O-O-O 18. Qb3 Rhe8 19. Qa4 Kb8 20. Ba5 Bf4+ 21. Kb1 b6 22. Bc3 Rd5 23. Ne5 Bxe5 24. dxe5 Nd7 25. Qg4 {(R)} 1/2-1/2

[Event "Brno Veletrh"]
[Site "?"]
[Date "2024.09.07"]
[Round "8"]
[White "Lisik, Miroslav"]
[Black "Klinkovsky, Vojtech"]
[Result "1-0"]
[WhiteElo "1855"]
[BlackElo "1699"]
[PlyCount "65"]
[GameId "2086897485389915"]
[EventDate "2024.09.??"]

1. e4 d5 2. exd5 Nf6 3. d4 Bg4 4. f3 Bf5 5. g4 Bg6 6. c4 e6 7. Nc3 exd5 8. g5 Nfd7 9. Nxd5 Bd6 10. c5 c6 11. cxd6 cxd5 12. Qe2+ Kf8 13. Qb5 Nb6 14. Bf4 Nc6 15. Rd1 f6 16. h4 Bf5 17. Kf2 Kf7 18. Ne2 Bc2 19. Rc1 Ba4 20. Qd3 Rc8 21. b3 Nb4 22. Qd2 Rxc1 23. Nxc1 fxg5 24. hxg5 a5 25. bxa4 Nxa4 26. Nd3 Nc6 27. Ne5+ Nxe5 28. Bxe5 Qb6 29. Qf4+ Ke8 30. Bh3 Nc5 31. dxc5 Qxc5+ 32. Kg3 Rf8 33. Qg4 1-0

[Event "Brno Veletrh"]
[Site "?"]
[Date "2024.09.07"]
[Round "8"]
[White "Kubatova, Beta"]
[Black "Slegl, Milan"]
[Result "1-0"]
[WhiteElo "1775"]
[BlackElo "1699"]
[PlyCount "113"]
[GameId "2086897652445282"]
[EventDate "2024.09.??"]

1. d4 Nf6 2. c4 e6 3. Nc3 Bb4 4. Bg5 c5 5. Nf3 Qa5 6. Bd2 cxd4 7. Nxd4 O-O 8. e3 d5 9. Be2 dxc4 10. Bxc4 Nc6 11. Nxc6 bxc6 12. O-O Qc7 13. a3 Bd6 14. h3 a5 15. Rc1 Qe7 16. e4 Ba6 17. Bxa6 Rxa6 18. Qe2 Bc7 19. e5 Raa8 20. exf6 Qxf6 21. Qg4 Qe5 22. g3 h5 23. Qf3 Qf5 24. Qxf5 exf5 25. Be3 Rac8 26. Ne2 Be5 27. Bd4 f6 28. f4 Bb8 29. Bb6 Rf7 30. Bxa5 Re7 31. Rc2 Ba7+ 32. Kg2 Rce8 33. Nc1 Bd4 34. Bc3 c5 35. Bxd4 cxd4 36. Rd1 Rd8 37. Rcd2 Rb8 38. Nd3 h4 39. gxh4 Re3 40. Re1 Re4 41. Rde2 Rbe8 42. Kf3 Re3+ 43. Rxe3 dxe3 44. Rxe3 Rd8 45. b4 Kf7 46. a4 Kg6 47. a5 Kh5 48. Kg3 g5 49. hxg5 fxg5 50. fxg5 Kxg5 51. h4+ Kf6 52. a6 Rg8+ 53. Kf3 Rb8 54. Nc5 Rxb4 55. a7 Rxh4 56. a8=Q Rh3+ 57. Ke2 1-0

[Event "Brno Veletrh"]
[Site "?"]
[Date "2024.09.07"]
[Round "8"]
[White "Nisztuk, Michal"]
[Black "Mikolas, Jakub"]
[Result "0-1"]
[WhiteElo "1637"]
[BlackElo "1766"]
[PlyCount "72"]
[GameId "2086897833025641"]
[EventDate "2024.09.??"]

1. e4 c5 2. f4 d5 3. e5 Bf5 4. Nf3 e6 5. c3 Nc6 6. Bb5 Qb6 7. Bxc6+ bxc6 8. O-O c4+ 9. Kh1 Nh6 10. a4 Bd3 11. a5 Qd8 12. Rg1 Ng4 13. Qe1 Bc5 14. Nd4 Bxd4 15. cxd4 h5 16. Nc3 h4 17. h3 Nh6 18. Qf2 Rb8 19. Ra3 Nf5 20. Nd1 Ng3+ 21. Kh2 Ne2 22. Ne3 Nxg1 23. Qxg1 Rb5 24. Qf2 Rxa5 25. Rc3 Rb5 26. f5 Qg5 27. fxe6 fxe6 28. Ra3 Rf8 29. Qe1 a5 30. Ra1 Qf4+ 31. Kh1 Qg3 32. Qd1 g6 33. b3 Be4 34. Qg4 Bxg2+ 35. Kg1 Qf2+ 36. Kh2 Bf3+ 0-1

[Event "Brno Veletrh"]
[Site "?"]
[Date "2024.09.07"]
[Round "8"]
[White "Svabova, Klara"]
[Black "Grausgruber, Jiri"]
[Result "0-1"]
[WhiteElo "1220"]
[BlackElo "1765"]
[PlyCount "62"]
[GameId "2086898017247344"]
[EventDate "2024.09.??"]

1. e4 c5 2. Nf3 e6 3. c4 Qc7 4. d4 cxd4 5. Nxd4 a6 6. Qb3 Nf6 7. Bd3 Bc5 8. Be3 Ng4 9. Nc2 Nxe3 10. Nxe3 Bxe3 11. fxe3 Qc5 12. Bc2 Nc6 13. Nd2 O-O 14. Qd3 Nb4 15. Qc3 Nxc2+ 16. Qxc2 Qxe3+ 17. Kd1 d5 18. Qc3 Qf2 19. Qf3 Qb6 20. Qb3 Qd6 21. Qg3 Qc5 22. Qa3 Qc7 23. cxd5 exd5 24. Rc1 Bg4+ 25. Nf3 Qf4 26. Rc3 dxe4 27. h3 exf3 28. gxf3 Rad8+ 29. Ke1 Rfe8+ 30. Kf2 Rd2+ 31. Kf1 Qg3 0-1

[Event "Brno Veletrh"]
[Site "?"]
[Date "2024.09.07"]
[Round "8"]
[White "Svagr, Daniel"]
[Black "Levchenko, Alisa"]
[Result "1/2-1/2"]
[WhiteElo "1752"]
[BlackElo "1638"]
[PlyCount "56"]
[GameId "2086898205773943"]
[EventDate "2024.09.??"]

1. d4 c6 2. c4 d5 3. Nf3 Nf6 4. g3 Bf5 5. Bg2 Nbd7 6. O-O e6 7. b3 Bb4 8. a3 Be7 9. Bb2 O-O 10. Nc3 Ne4 11. Nd2 Ndf6 12. Ndxe4 Nxe4 13. Nxe4 Bxe4 14. f3 Bg6 15. e4 dxe4 16. fxe4 Qc7 17. Qe2 Rad8 18. Rad1 a5 19. Kh1 Qb6 20. Qf3 Bf6 21. e5 Be7 22. d5 cxd5 23. cxd5 Rxd5 24. Rxd5 exd5 25. Qxd5 Bc2 26. Qxb7 Qxb7 27. Bxb7 Bxb3 28. Rc1 Bh4 1/2-1/2

[Event "Brno Veletrh"]
[Site "?"]
[Date "2024.09.07"]
[Round "8"]
[White "Bata, Jiri"]
[Black "Sknouril, Jakub"]
[Result "1-0"]
[WhiteElo "1658"]
[BlackElo "1771"]
[PlyCount "51"]
[GameId "2086898381910142"]
[EventDate "2024.09.??"]

1. e4 e5 2. Bc4 Nc6 3. Nf3 Bc5 4. a3 a5 5. d3 Nf6 6. O-O h6 7. Nc3 d6 8. h3 Be6 9. Nd5 Bxd5 10. Bxd5 Nxd5 11. exd5 Ne7 12. c4 Nf5 13. Re1 O-O 14. Be3 Nxe3 15. fxe3 c6 16. d4 exd4 17. Nxd4 Re8 18. Kh1 cxd5 19. cxd5 Qg5 20. e4 Re7 21. Nf5 Re5 22. Qf3 Rae8 23. Re2 h5 24. h4 Qg4 25. Qxg4 hxg4 26. Ng3 1-0

[Event "Brno Veletrh"]
[Site "?"]
[Date "2024.09.07"]
[Round "8"]
[White "Cagan, Michal"]
[Black "Rehurek, Karel"]
[Result "0-1"]
[WhiteElo "1504"]
[BlackElo "1851"]
[Annotator "Kalendovský,Jan"]
[PlyCount "40"]
[GameId "2086898549690501"]
[EventDate "2024.09.??"]

1. e4 e5 2. Bc4 Nf6 3. Nc3 Nc6 4. d3 Na5 5. f4 Nxc4 6. dxc4 Bb4 7. Bd2 Bxc3 8. Bxc3 Nxe4 9. Nf3 Nxc3 10. bxc3 exf4 11. Qd4 Qe7+ 12. Kf2 Qe3+ 13. Qxe3+ fxe3+ 14. Kxe3 O-O 15. Rae1 d6 16. Nd4 Bd7 17. Nb5 Bxb5 18. cxb5 Rae8+ 19. Kd3 Re5 20. Rhg1 Rfe8 {a ve 30. tahu černý vyhrál. Zápis p Řehůřka odtud nemožný, cagáňův chybí. JK} 0-1

[Event "Brno Veletrh"]
[Site "?"]
[Date "2024.09.07"]
[Round "8"]
[White "Kubatova, Ema"]
[Black "Kanovsky, Vladimir"]
[Result "1/2-1/2"]
[WhiteElo "1650"]
[BlackElo "1578"]
[PlyCount "40"]
[GameId "2086898729001100"]
[EventDate "2024.09.??"]

1. d4 Nf6 2. c4 d5 3. Nc3 Nc6 4. Bf4 Nh5 5. Bg3 Nxg3 6. hxg3 dxc4 7. e3 e6 8. Bxc4 Bb4 9. a3 Be7 10. Nf3 a6 11. Qc2 h6 12. Rd1 Bd7 13. d5 exd5 14. Bxd5 Qc8 15. O-O O-O 16. Rd2 Bd6 17. Ne4 Be7 18. Rc1 Bd8 19. Nd4 Nxd4 20. Rxd4 c6 1/2-1/2

[Event "Brno Veletrh"]
[Site "?"]
[Date "2024.09.07"]
[Round "8"]
[White "Prihoda, Josef"]
[Black "Pesa, Marek"]
[Result "1/2-1/2"]
[WhiteElo "1624"]
[BlackElo "1738"]
[PlyCount "61"]
[GameId "2086899117818010"]
[EventDate "2024.09.??"]

1. Nf3 d5 2. c4 d4 3. e3 Nc6 4. exd4 Nxd4 5. Nxd4 Qxd4 6. Nc3 Bd7 7. d3 Qb6 8. Be2 e5 9. Nd5 Qd6 10. Bd2 Nf6 11. Bb4 c5 12. Nxf6+ Qxf6 13. Bc3 Bd6 14. Bf3 Rb8 15. Be4 O-O 16. Qf3 Qxf3 17. Bxf3 Rfe8 18. O-O-O a6 19. g3 b5 20. b3 b4 21. Bb2 Rb6 22. Rd2 a5 23. Kc2 Bc6 24. Bxc6 Rxc6 25. Re2 Bc7 26. Rhe1 Rce6 27. a3 f5 28. f3 Kf7 29. axb4 axb4 30. Ra1 R8e7 31. Rae1 1/2-1/2

[Event "Brno Veletrh"]
[Site "?"]
[Date "2024.09.07"]
[Round "8"]
[White "Pecenka, Petr"]
[Black "Peskova, Sara"]
[Result "1/2-1/2"]
[WhiteElo "1495"]
[BlackElo "1591"]
[PlyCount "73"]
[GameId "2086899490263208"]
[EventDate "2024.09.??"]

1. d4 d5 2. Nf3 Nf6 3. c4 e6 4. g3 c5 5. e3 Be7 6. Bg2 O-O 7. O-O Nc6 8. b3 Re8 9. Bb2 Nd7 10. Nbd2 Bf6 11. cxd5 exd5 12. Rb1 cxd4 13. Nxd4 Nb6 14. N2f3 Bg4 15. Qd2 Rc8 16. Rbc1 Qe7 17. Nxc6 bxc6 18. Nd4 Qe5 19. Ba1 Qd6 20. Rfe1 Nd7 21. e4 dxe4 22. Rxe4 Rxe4 23. Bxe4 c5 24. Nf3 Qxd2 25. Nxd2 Bxa1 26. Rxa1 Rd8 27. Nc4 Nf6 28. f3 Be6 29. Bc2 g6 30. Rd1 Rxd1+ 31. Bxd1 Nd5 {(R)} 32. Bc2 Nb4 33. Bb1 Nc6 34. Nd6 Kf8 35. Kf2 Ke7 36. Nb5 c4 37. bxc4 1/2-1/2

[Event "Brno Veletrh"]
[Site "?"]
[Date "2024.09.07"]
[Round "8"]
[White "Klimus, Radek"]
[Black "Poruban, Tomas"]
[Result "1/2-1/2"]
[WhiteElo "1472"]
[BlackElo "1558"]
[PlyCount "42"]
[GameId "2086899661197487"]
[EventDate "2024.09.??"]

1. e4 e5 2. Nf3 Nc6 3. Bc4 h6 4. h3 Nf6 5. d3 Bc5 6. O-O d6 7. Be3 Bxe3 8. fxe3 O-O 9. c3 a6 10. a4 Qe7 11. Qc2 Be6 12. Ba2 Bxa2 13. Rxa2 Qe6 14. Ra1 Rfd8 15. Nbd2 Rd7 16. d4 exd4 17. exd4 Qe8 18. Rfe1 Re7 19. Qd3 Qd7 20. Re2 Nh5 21. Qe3 Rae8 1/2-1/2

[Event "Brno Veletrh"]
[Site "?"]
[Date "2024.09.07"]
[Round "8"]
[White "Peska, Radek"]
[Black "Slavik, Miroslav"]
[Result "1-0"]
[WhiteElo "1415"]
[BlackElo "1468"]
[PlyCount "47"]
[GameId "2086900628848836"]
[EventDate "2024.09.??"]

1. Nf3 e6 2. e3 d5 3. b3 c5 4. Bb5+ Bd7 5. Bxd7+ Nxd7 6. O-O Ngf6 7. Bb2 Be7 8. c4 O-O 9. cxd5 Nxd5 10. Nc3 N7f6 11. d4 cxd4 12. Nxd5 Nxd5 13. Bxd4 Bf6 14. Rc1 Bxd4 15. Qxd4 Nf6 16. Rfd1 Qxd4 17. Rxd4 Rac8 18. Rdc4 Rxc4 19. Rxc4 g6 20. h3 Rd8 21. Kf1 Rd7 22. Ne5 Rd5 23. f4 b5 24. Rc8+ 1-0

[Event "Brno Veletrh"]
[Site "?"]
[Date "2024.09.08"]
[Round "9"]
[White "Novotny, David"]
[Black "Setina, Vaclav"]
[Result "1/2-1/2"]
[WhiteElo "1967"]
[BlackElo "2021"]
[PlyCount "28"]
[GameId "2087429456805932"]
[EventDate "2024.09.??"]

1. e4 c5 2. Nf3 Nc6 3. d4 cxd4 4. Nxd4 g6 5. Be3 Bg7 6. Nc3 Nf6 7. Nxc6 bxc6 8. e5 Ng8 9. Bd4 Qa5 10. f4 Rb8 11. Qd2 Nh6 12. e6 Bxd4 13. Qxd4 O-O 14. exd7 Nf5 {(R)} 1/2-1/2

[Event "Brno Veletrh"]
[Site "?"]
[Date "2024.09.08"]
[Round "9"]
[White "Vyskocil, Neklan"]
[Black "Wunsch, Radek"]
[Result "0-1"]
[WhiteElo "2289"]
[BlackElo "1956"]
[PlyCount "72"]
[GameId "2087429525671985"]
[EventDate "2024.09.??"]

1. d4 Nf6 2. Nf3 d5 3. e3 Bf5 4. c4 e6 5. Nc3 c6 6. Qb3 b6 7. Be2 Bd6 8. Bd2 O-O 9. O-O Nbd7 10. cxd5 exd5 11. Rac1 a5 12. a4 h6 13. Rfd1 Rc8 14. Be1 Re8 15. Ba6 Rc7 16. Ne2 Qa8 17. Bd3 Bg4 18. Ng3 Ne4 19. Be2 Qa7 20. Rc2 Nxg3 21. hxg3 Nf6 22. Rdc1 Bd7 23. Nd2 c5 24. dxc5 bxc5 25. Ra1 c4 26. Qa2 Bf5 27. Rcc1 Bxg3 28. Qa3 Rd7 29. Nf3 Bd6 30. Qc3 Bb4 31. Qd4 Bc5 32. Qc3 Bxe3 33. Rd1 Bc5 34. Bf1 Ne4 35. Qxa5 Bxf2+ 36. Kh1 Ng3+ 0-1

[Event "Brno Veletrh"]
[Site "?"]
[Date "2024.09.08"]
[Round "9"]
[White "Hajek, Oskar"]
[Black "Marsa, Alexandr"]
[Result "1-0"]
[WhiteElo "2281"]
[BlackElo "1971"]
[PlyCount "65"]
[GameId "2087429753937976"]
[EventDate "2024.09.??"]

1. d4 d5 2. Nc3 Nf6 3. Bf4 a6 4. e3 e6 5. g4 c5 6. g5 Nfd7 7. Nf3 Nc6 8. Bg2 h6 9. h4 Qa5 10. O-O hxg5 11. hxg5 cxd4 12. exd4 Bb4 13. g6 f6 14. Re1 Nf8 15. Qd3 Ne7 16. a3 Bxc3 17. bxc3 Bd7 18. c4 dxc4 19. Qxc4 Bc6 20. Qb3 O-O-O 21. c4 Nexg6 22. Bg3 Qf5 23. d5 exd5 24. cxd5 Qxd5 25. Qb6 Ne5 26. Bxe5 fxe5 27. Rac1 Nd7 28. Qa7 Nb8 29. Rxe5 Qd6 30. Qe3 Qd3 31. Qc5 Rdf8 32. Re3 Qf5 $4 33. Re8+ 1-0